000 00447nmm a2200157Ia 4500
008 251105s9999||||xx |||||||||||||||||und||
020 _a9789562845298
041 _aspa
100 _aMistral, Gabriela
245 0 _aGabriela y México
264 _a[Santiago de Chile, Chile] :
_bRil editores,
_c2007
300 _a378 páginas
650 _aLatin American literature
856 _uhttps://public.digitaliapublishing.com/a/29695
942 _cCF
999 _c94390
_d94390